[Event "British Chess Championships 2023: British Championship"]
[Site "The Venue, De Montfort University, 20 Western Boulevard, Leicester, LE2 7BU"]
[Date "2023.07.24"]
[Round "3"]
[Board "25"]
[White "Shearsby, Jude"]
[Black "Boswell, Jacob Connor"]
[Result "1/2-1/2"]
[WhiteElo "2076"]
[BlackElo "2163"]
[PlyCount "0"]
[EventDate "2023.07.22"]
[EventRounds "9"]
[EventCountry "ENG"]

1. e4 c5 2. c3 Nf6 3. e5 Nd5 4. Nf3 Nc6 5. Bc4 Nb6 6. Bb3 d6 7. exd6 e6 8. O-O Bxd6
9. d4 cxd4 10. Nxd4 O-O 11. Be3 Na5 12. Bc2 Nac4 13. Bc1 Ne5 14. Bf4 Ng6 15. Nxe6
Bxe6 16. Bxd6 Re8 17. b3 Nd5 18. Bg3 f5 19. Qd4 Rc8 20. Be5 Ndf4 21. Qxd8 Rexd8 22.
Bxf4 Nxf4 23. Re1 Kf7 24. c4 b5 25. Na3 b4 26. Nb1 Nd3 27. Re3 Nc5 28. a3 a5 29.
axb4 axb4 30. Ra5 Bxc4 31. bxc4 b3 32. Rxb3 Nxb3 33. Bxb3 Ra8 34. Rxf5+ Ke6 35. g4
Ra1 36. c5+ Ke7 37. Bc2 Rd2 38. Be4 Re2 39. Bd3 Rd2 40. Rf3 Rxd3 41. Rxd3 Rxb1+ 42.
Kg2 Rc1 43. Rd5 Ke6 44. Rg5 Kf6 45. h4 Rc4 46. Kg3 Rc2 47. Rh5 h6 48. Rd5 Ke7 49.
g5 hxg5 50. Rxg5 Ke6 51. Rxg7 Rxc5 52. Rg5 Rc1 53. Ra5 Kf6 54. Kg4 Rf1 55. f3 Rb1
56. Ra6+ Kg7 57. h5 Rc1 58. f4 Rb1 59. Rg6+ Kf7 60. Ra6 Kg7 61. Kg5 Rg1+ 62. Kf5
Rb1 63. Re6 Rb5+ 64. Re5 Rb1 65. h6+ Kxh6 66. Kf6 Rb4 67. f5 Rb7 68. Re7 Rb5 69.
Ke6 Rb6+ 70. Ke5 Kg5 71. Rg7 Kh6 72. Rg2 Rb5+ 73. Ke4 Rb4+ 74. Ke3 Rb3+ 75. Kd4 Rb4+
 1/2-1/2

[Event "British Chess Championships 2023: British Championship"]
[Site "The Venue, De Montfort University, 20 Western Boulevard, Leicester, LE2 7BU"]
[Date "2023.07.24"]
[Round "3"]
[Board "26"]
[White "Saunders, Aron"]
[Black "Shaw, Peter"]
[Result "1/2-1/2"]
[WhiteElo "2113"]
[BlackElo "2066"]
[PlyCount "0"]
[EventDate "2023.07.22"]
[EventRounds "9"]
[EventCountry "ENG"]

1. e4 e6 2. d4 d5 3. e5 c5 4. c3 Nc6 5. Nf3 Qb6 6. Bd3 Bd7 7. O-O cxd4 8. Re1 a6
9. a4 dxc3 10. Nxc3 Bc5 11. Qe2 Nge7 12. h4 Nd4 13. Nxd4 Bxd4 14. a5 Qc7 15. Bf4
Nc6 16. g3 Bxc3 17. bxc3 Nxa5 18. Qg4 g6 19. Bg5 Nc4 20. Qf3 Bb5 21. Qf6 Rf8 22.
h5 Kd7 23. Bh6 Rfe8 24. Qxf7+ Re7 25. Qf4 gxh5 26. Bf1 Rg8 27. Bf8 Rg4 28. Qf6 Re8
29. Bh3 Rg6 30. Qf3 Bc6 31. Qxh5 Kc8 32. Bh6 Qf7 33. Qh4 Qf3 34. Bg2 Qg4 35. Qxg4
Rxg4 36. Bf3 Rgg8 37. Kg2 Re7 38. Rad1 Rf7 39. Rd4 Rf5 40. Bg4 Rxg4 41. Rxg4 d4+
42. Kf1 Nxe5 43. Rg8+ Kd7 44. Rg7+ Kc8 45. Rg8+ Kd7 46. Rg7+  1/2-1/2

[Event "British Chess Championships 2023: British Championship"]
[Site "The Venue, De Montfort University, 20 Western Boulevard, Leicester, LE2 7BU"]
[Date "2023.07.24"]
[Round "3"]
[Board "27"]
[White "Smith, Olivia"]
[Black "Payne, Matthew J"]
[Result "1-0"]
[WhiteElo "2042"]
[BlackElo "2104"]
[PlyCount "0"]
[EventDate "2023.07.22"]
[EventRounds "9"]
[EventCountry "ENG"]

1. e4 e6 2. d4 d5 3. Nc3 Bb4 4. e5 b6 5. h4 Qd7 6. h5 c5 7. a3 Bxc3+ 8. bxc3 Ba6
9. Bxa6 Nxa6 10. Qg4 f5 11. Qe2 Qa4 12. h6 g6 13. Nf3 Rc8 14. O-O Ne7 15. Bg5 Nc6
16. Bf6 O-O 17. Rfd1 cxd4 18. cxd4 Nd8 19. Nh4 Rxc2 20. Qe3 Qd7 21. Qg3 Qf7 22. Rac1
Rc6 23. Qg5 Rxc1 24. Rxc1 Nb7 25. Rc3 Nac5 26. dxc5 Nxc5 27. Qc1 d4 28. Nxg6  1-0

[Event "British Chess Championships 2023: British Championship"]
[Site "The Venue, De Montfort University, 20 Western Boulevard, Leicester, LE2 7BU"]
[Date "2023.07.24"]
[Round "3"]
[Board "28"]
[White "Kolbus, Dietmar"]
[Black "Pert, Nina P"]
[Result "1-0"]
[WhiteElo "2270"]
[BlackElo "2021"]
[PlyCount "0"]
[EventDate "2023.07.22"]
[EventRounds "9"]
[EventCountry "ENG"]

1. Nf3 e6 2. e4 d5 3. e5 c5 4. c3 Nc6 5. d4 Bd7 6. dxc5 Bxc5 7. Bd3 Qc7 8. Qe2 a6
9. O-O Nge7 10. Be3 Bxe3 11. Qxe3 Ng6 12. Re1 Rc8 13. Nbd2 Na5 14. Nd4 b5 15. b4
Nb7 16. Rac1 O-O 17. Bxg6 fxg6 18. h4 Nd8 19. N2b3 Nb7 20. Rc2 a5 21. a3 a4 22. Nd2
Nd8 23. N2f3 Nf7 24. Ng5 Nxg5 25. hxg5 Qb6 26. Rd2 Rc4 27. Rd3 Qc7 28. Qg3 Qd8 29.
Ree3 Qe7 30. Rf3 Rcc8 31. Qg4 Qe8 32. Rh3 Qe7 33. Qh4 h6 34. gxh6 g5 35. Qg3 g6 36.
h7+ Kg7 37. Rf3 Rh8 38. Rf6 Rcf8 39. Qxg5 Rxf6 40. exf6+ Qxf6 41. Qh6+ Kf7 42. Rf3
 1-0

[Event "British Chess Championships 2023: British Championship"]
[Site "The Venue, De Montfort University, 20 Western Boulevard, Leicester, LE2 7BU"]
[Date "2023.07.24"]
[Round "3"]
[Board "29"]
[White "Chan, Sheng Liang Bernard"]
[Black "Mitra, Roman C"]
[Result "1/2-1/2"]
[WhiteElo "2078"]
[BlackElo "2171"]
[PlyCount "0"]
[EventDate "2023.07.22"]
[EventRounds "9"]
[EventCountry "ENG"]

1. d4 Nf6 2. Bf4 c5 3. e3 Qb6 4. Nc3 Qxb2 5. Nb5 Qb4+ 6. c3 Qa5 7. Nc7+ Kd8 8. Qb3
Nc6 9. Nxa8 Nd5 10. Bc7+ Nxc7 11. Nxc7 Kxc7 12. Nf3 d5 13. dxc5 Qxc5 14. Be2 f6 15.
Rd1 e6 16. O-O Bd7 17. Rb1 Na5 18. Qb2 b6 19. Nd4 Nc4 20. Bxc4 dxc4 21. Rfd1 a6 22.
Qe2 h5 23. Qf3 Bd6 24. Rd2 Rd8 25. Rbd1 Qe5 26. Qh3 Bc8 27. f4 Qe4 28. Qf3 f5 29.
Kf2 g6 30. Qxe4 fxe4 31. Ne2 Bb7 32. Nd4 Bd5 33. g3 Be7 34. h3 b5 35. g4 Rf8 36.
Kg2 b4 37. Ne2 hxg4 38. hxg4 Bc5 39. Nd4 bxc3 40. Rc2 Rb8 41. Kf2 Bxd4 42. exd4 Rb2
43. Rdc1 Kb6 44. Ke3 Kb5 45. a3 Ka4 46. Rxc3 Rb3 47. Kd2 Kxa3 48. Rxc4 Rd3+ 49. Ke2
Bxc4 50. Rxc4 a5 51. Rc5 a4 52. Re5 Rxd4 53. Rxe6 Kb3 54. Rb6+ Rb4 55. Rxg6 a3 56.
Rh6 a2 57. Rh1 Kb2 58. Ke3 Kc3 59. Ra1 Kb2 60. Rxa2+ Kxa2 61. g5 Kb3 62. g6 Kc4 63.
Kxe4 Kc5+ 64. Ke5 Rb1 65. f5 Re1 66. Kf6 Kd6 67. Kg7 Re7+ 68. Kf8 Ra7 69. g7 Ke5
 1/2-1/2

[Event "British Chess Championships 2023: British Championship"]
[Site "The Venue, De Montfort University, 20 Western Boulevard, Leicester, LE2 7BU"]
[Date "2023.07.24"]
[Round "3"]
[Board "30"]
[White "Khoury, Theo"]
[Black "Ogunshola, Olugbemiga (Ben)"]
[Result "1-0"]
[WhiteElo "2066"]
[BlackElo "2116"]
[PlyCount "0"]
[EventDate "2023.07.22"]
[EventRounds "9"]
[EventCountry "ENG"]

1. e4 d6 2. d4 Nf6 3. Nc3 g6 4. Bg5 c6 5. Qd2 h6 6. Bh4 b5 7. Bd3 Qc7 8. f4 Bg7 9.
Nf3 Bg4 10. O-O O-O 11. Rae1 Nbd7 12. e5 b4 13. Ne4 Nd5 14. c4 bxc3 15. bxc3 f5 16.
Bxe7 dxe5 17. Bxf8 Rxf8 18. fxe5 fxe4 19. Bxe4 g5 20. h4 gxh4 21. Nxh4 Qd8 22. Nf5
Bxf5 23. Bxf5 Rxf5 24. Rxf5 Ne7 25. Rf2 Nb6 26. Qf4 Qd5 27. e6 Nbc8 28. Qf7+ Kh7
29. Re5 Qd8 30. Rf6 Ng8 31. Qg6+ Kh8 32. Rf7  1-0

[Event "British Chess Championships 2023: British Championship"]
[Site "The Venue, De Montfort University, 20 Western Boulevard, Leicester, LE2 7BU"]
[Date "2023.07.24"]
[Round "3"]
[Board "31"]
[White "Burrows, Martin P"]
[Black "Starley, Robert"]
[Result "0-1"]
[WhiteElo "2101"]
[BlackElo "2064"]
[PlyCount "0"]
[EventDate "2023.07.22"]
[EventRounds "9"]
[EventCountry "ENG"]

1. e4 e5 2. Nf3 Nc6 3. Bb5 a6 4. Ba4 Nf6 5. O-O Be7 6. Re1 b5 7. Bb3 d6 8. c3 O-O
9. d4 exd4 10. cxd4 Bg4 11. Be3 Na5 12. Bc2 Nc4 13. Bc1 c5 14. b3 Nb6 15. Nbd2 Nfd7
16. h3 Bh5 17. Bb2 Re8 18. Nf1 Bf6 19. g4 Bg6 20. Ng3 Rc8 21. Rc1 h6 22. Bb1 Nf8
23. Qd2 Ne6 24. Nf5 Bxf5 25. exf5 Ng5 26. Nxg5 Bxg5 27. Rxe8+ Qxe8 28. f4 Bh4 29.
f6 Bxf6 30. Re1 Qc6 31. g5 hxg5 32. fxg5 Bxd4+ 33. Bxd4 cxd4 34. g6 fxg6 35. Qg5
Qc3 36. Qh4 d3 37. Rd1 d2 38. Bxg6 Qe3+ 39. Qf2 Rc3 40. Qxe3 Rxe3 41. Rxd2 Rg3+ 42.
Rg2 Rxh3 43. Kf1 Rf3+ 44. Ke2 Rf6 45. Be4 Kf7 46. Bb7 a5 47. Rg5 Re6+ 48. Kd3 Re5
49. Rg2 g5 50. Rc2 Rc5 51. Rh2 Nd5 52. Kd4 Nf6 53. a3 g4 54. Rg2 Ke6 55. Rf2 g3 56.
Rg2 Rg5 57. Bc8+ Ke7 58. Ke3 Kd8 59. Bb7 Kc7 60. Bf3 Kb6 61. Kf4 Rg7 62. b4 Ne8 63.
Re2 Nc7 64. Bg2 axb4 65. axb4 Na6 66. Re6 Nxb4 67. Rxd6+ Kc5 68. Rd8 Na2 69. Rc8+
Kd4 70. Rc2 Nb4 71. Rc8 Nd3 72. Kf5 Ne1 73. Kf6 Rh7 74. Ba8 g2 75. Rg8 Rh2 76. Rg4+
Ke3 77. Bxg2 Nxg2 78. Rb4 Rh5 79. Ke6 Nf4+ 80. Kd6 Nd3  0-1

[Event "British Chess Championships 2023: British Championship"]
[Site "The Venue, De Montfort University, 20 Western Boulevard, Leicester, LE2 7BU"]
[Date "2023.07.25"]
[Round "4"]
[Board "2"]
[White "Gasanov, Eldar"]
[Black "Jackson, James P"]
[Result "1/2-1/2"]
[WhiteElo "2481"]
[BlackElo "2390"]
[PlyCount "0"]
[EventDate "2023.07.22"]
[EventRounds "9"]
[EventCountry "ENG"]

1. d4 Nf6 2. c4 g6 3. Nc3 Bg7 4. e4 d6 5. Be2 O-O 6. Bg5 h6 7. Be3 c5 8. d5 e6 9.
Nf3 exd5 10. cxd5 b5 11. Bxb5 Nxe4 12. Nxe4 Qa5+ 13. Qd2 Qxb5 14. Nxd6 Qa6 15. Nxc8
Rxc8 16. Qe2 Qxe2+ 17. Kxe2 Na6 18. Rab1 Rab8 19. Rhd1 Rb7 20. d6 c4 21. d7 Rd8 22.
Rdc1 Rc7 23. Nd2 Rdxd7 24. Nxc4 Nb4 25. a3 Nd3 26. Rd1 Rxc4 27. Rxd3 Rc2+ 28. Rd2
Rdxd2+ 29. Bxd2 Bxb2 30. Kd3 Rxd2+ 31. Kxd2 Bxa3 32. g4 a5 33. Kd3 Bd6 34. Ra1 Bxh2
35. Rxa5 Kg7 36. Ke4 g5 37. Ra6 Bg1 38. f3 Bh2 39. Kd5 Bg3 40. Kc6 Kg6 41. Kd7+ f6
42. Ke6 Be5 43. Ra8 h5 44. gxh5 Kxh5 45. Rh8+ Kg6 46. Rg8 Kh5 47. Kf5 Kh4 48. Ra8
Kg3 49. Ra3 Kf2 50. Ke4 Bf4 51. Rc3 Kg3 52. Rb3 Kf2 53. Ra3 Kg2 54. Kf5 Be5 55. Rb3
Kf2 56. Ke4 Bf4 57. Kf5 Be5 58. Kg4 Bf4 59. Kf5  1/2-1/2

[Event "British Chess Championships 2023: British Championship"]
[Site "The Venue, De Montfort University, 20 Western Boulevard, Leicester, LE2 7BU"]
[Date "2023.07.25"]
[Round "4"]
[Board "3"]
[White "Kanyamarala, Tarun"]
[Black "Grieve, Harry"]
[Result "0-1"]
[WhiteElo "2344"]
[BlackElo "2459"]
[PlyCount "0"]
[EventDate "2023.07.22"]
[EventRounds "9"]
[EventCountry "ENG"]

1. d4 d5 2. c4 e6 3. Nf3 Nf6 4. g3 dxc4 5. Bg2 Nbd7 6. O-O Rb8 7. a4 a6 8. a5 Bd6
9. Nbd2 b5 10. axb6 Nxb6 11. Qc2 Bb7 12. Nxc4 Be4 13. Qd1 Nxc4 14. Qa4+ Rb5 15. Qxc4
Qa8 16. Qa4 O-O 17. Qxa6 Qd5 18. Ne1 Bxg2 19. Nxg2 Rfb8 20. Rd1 Ng4 21. h3 Nf6 22.
Nf4 Qf5 23. Qc6 Nd5 24. Nxd5 exd5 25. Ra8 h5 26. Qxb5 Rxa8 27. h4 Ra1 28. Qb3 Qb1
29. Re1 Qe4 30. Qd3 Qxd3 31. exd3 Ra4 32. Be3 Rb4 33. Re2 Kh7 34. Kg2 Kg6 35. Kf3
Kf5 36. Rc2 f6 37. Re2 g5 38. hxg5 fxg5 39. Kg2 Rb8 40. Bc1 Rb3 41. Re8 Rxd3 42.
Be3 h4 43. gxh4 gxh4 44. Rh8 Be7 45. Rh7 Bf6 46. Rxc7 Bxd4 47. Bxd4 Rxd4 48. Rh7
Rf4 49. Kh3 Ke4 50. b4 Rxf2 51. Rxh4+ Ke3 52. b5 Rb2 53. Kg4 Rxb5 54. Rh3+ Ke4 55.
Ra3 d4 56. Kg3 Rf5 57. Ra1 Ke3 58. Re1+ Kd2 59. Re8 d3 60. Kg2 Kd1 61. Re7 d2 62.
Re8 Kc2 63. Rc8+ Kd3 64. Rd8+ Kc3 65. Kg1 Rf4  0-1

[Event "British Chess Championships 2023: British Championship"]
[Site "The Venue, De Montfort University, 20 Western Boulevard, Leicester, LE2 7BU"]
[Date "2023.07.25"]
[Round "4"]
[Board "4"]
[White "Derakhshani, Borna"]
[Black "Wadsworth, Matthew J"]
[Result "1/2-1/2"]
[WhiteElo "2341"]
[BlackElo "2431"]
[PlyCount "0"]
[EventDate "2023.07.22"]
[EventRounds "9"]
[EventCountry "ENG"]

1. d4 d5 2. Nf3 Nf6 3. c4 c6 4. e3 Bf5 5. Nc3 e6 6. Nh4 Be4 7. f3 Bg6 8. Bd2 dxc4
9. Bxc4 b5 10. Be2 a6 11. Nxg6 hxg6 12. Qc2 Nbd7 13. a4 b4 14. Ne4 Nxe4 15. Qxe4
c5 16. dxc5 Bxc5 17. Bxb4 O-O 18. Rd1 Qb6 19. Rxd7 Qxb4+ 20. Qxb4 Bxb4+ 21. Kf2 Rfc8
22. Bd3 a5 23. Rd1 Rd8 24. Bc4 Rxd7 25. Rxd7 Kf8 26. b3 Ke8 27. Bb5 Rd8 28. Rxd8+
 1/2-1/2

[Event "British Chess Championships 2023: British Championship"]
[Site "The Venue, De Montfort University, 20 Western Boulevard, Leicester, LE2 7BU"]
[Date "2023.07.25"]
[Round "4"]
[Board "5"]
[White "Yao, Lan"]
[Black "Willow, Jonah B"]
[Result "1/2-1/2"]
[WhiteElo "2242"]
[BlackElo "2421"]
[PlyCount "0"]
[EventDate "2023.07.22"]
[EventRounds "9"]
[EventCountry "ENG"]

1. e4 c5 2. Nf3 e6 3. d4 cxd4 4. Nxd4 Nf6 5. Nc3 Nc6 6. Be3 Bb4 7. Bd3 e5 8. Nxc6
bxc6 9. O-O O-O 10. a3 Bxc3 11. bxc3 d5 12. f3 Be6 13. Qe1 Re8 14. Qh4 Qe7 15. exd5
cxd5 16. f4 e4 17. Be2 Ng4 18. Qxe7 Rxe7 19. Bxg4 Bxg4 20. h3 Be2 21. Rfe1 Ba6 22.
Rab1 h5 23. Rb4 Rc8 24. Bd4 Rc6 25. Kf2 Kh7 26. Rb8 Bc4 27. Reb1 Ba6 28. Re1 Bc8
29. Rb5 Rd7 30. Reb1 Ra6 31. Rb8 Rc7 32. R1b5 Be6 33. R8b7 Rac6 34. Be5 Rxb7 35.
Rxb7 Kg6 36. Bd4 a6 37. Ke3 Bc8 38. Rb6 Rxb6 39. Bxb6 Kf5 40. Bd4 f6 41. g3 Bd7 42.
c4 dxc4 43. c3 Ba4 44. g4+ hxg4 45. hxg4+ Kxg4 46. Kxe4 Kg3 47. Ke3 Bc2 48. Bc5 g5
49. fxg5 fxg5 50. Bd6 Kg2 51. Kd4 Bb3 52. Kc5 a5 53. a4 Bxa4 54. Kxc4  1/2-1/2

[Event "British Chess Championships 2023: British Championship"]
[Site "The Venue, De Montfort University, 20 Western Boulevard, Leicester, LE2 7BU"]
[Date "2023.07.25"]
[Round "4"]
[Board "6"]
[White "Pert, Nicholas"]
[Black "Claridge-Hansen, William"]
[Result "1/2-1/2"]
[WhiteElo "2536"]
[BlackElo "2332"]
[PlyCount "0"]
[EventDate "2023.07.22"]
[EventRounds "9"]
[EventCountry "ENG"]

1. d4 Nf6 2. Nf3 e6 3. c4 d5 4. Nc3 a6 5. cxd5 exd5 6. Bg5 Be6 7. Bxf6 Qxf6 8. Qb3
Ra7 9. h4 h6 10. g3 Qd8 11. Bh3 Bd6 12. Kf1 Bxh3+ 13. Rxh3 c6 14. e4 dxe4 15. Nxe4
O-O 16. Nxd6 Qxd6 17. Re1 Nd7 18. Kg2 a5 19. a4 b5 20. Rhh1 bxa4 21. Qxa4 Rb8 22.
Re2 Rb4 23. Qc2 Rab7 24. Rc1 Nf6 25. Kg1 Rxb2 26. Qd1 Qd5 27. Re5 Qa2 28. Ra1 Qxa1
29. Qxa1 Rb1+ 30. Re1 Rxa1 31. Rxa1 Ra7 32. Ne5 Ra6 33. Ra4 Nd5 34. Kf1 Nb6 35. Ra1
a4 36. Nxc6 Nd5 37. Ne5 Nb4 38. Ke2 Nc2 39. Ra2 Nxd4+ 40. Kd3 Nb5 41. Kc4 Nd6+ 42.
Kb4 Ne4 43. Nd3 Rd6 44. Kc4 Kh7 45. g4 Nf6 46. Ne5 Nd7 47. Nxd7 Rxd7 48. Rxa4 Rd2
49. f3 Rh2 50. h5 f5 51. Kd3 fxg4  1/2-1/2

[Event "British Chess Championships 2023: British Championship"]
[Site "The Venue, De Montfort University, 20 Western Boulevard, Leicester, LE2 7BU"]
[Date "2023.07.25"]
[Round "4"]
[Board "7"]
[White "Hebden, Mark L"]
[Black "Dong, Bao Nghia"]
[Result "1-0"]
[WhiteElo "2436"]
[BlackElo "2327"]
[PlyCount "0"]
[EventDate "2023.07.22"]
[EventRounds "9"]
[EventCountry "ENG"]

1. d4 d5 2. c4 e6 3. Nc3 Nf6 4. Bg5 Bb4 5. e3 h6 6. Bxf6 Qxf6 7. Qa4+ Nc6 8. cxd5
exd5 9. Bb5 O-O 10. Nge2 Bxc3+ 11. Nxc3 Ne7 12. O-O c6 13. Bd3 Bf5 14. Qc2 Qg6 15.
Rfd1 Rae8 16. b4 a6 17. a4 Bxd3 18. Qxd3 Qd6 19. b5 axb5 20. axb5 f5 21. Ne2 Rf7
22. Qa3 Qf6 23. Qc5 g5 24. bxc6 bxc6 25. Nc1 f4 26. exf4 Ng6 27. Nd3 Nxf4 28. Nxf4
gxf4 29. Rac1 Re6 30. Re1 Rfe7 31. Rxe6 Rxe6 32. Qa7 Qg6 33. Qb8+ Qe8 34. Qxe8+ Rxe8
35. f3 Re6 36. Kf2 Kf7 37. g3 Kg6 38. Re1 fxg3+ 39. hxg3 Kf6 40. Ra1 Re8 41. g4 Rb8
42. Ra6 Rb2+ 43. Kg3 Rc2 44. Ra8 Rc4 45. Rc8 h5 46. gxh5 Kg5 47. Rh8 Rxd4 48. f4+
Kf6 49. Kg4 c5 50. Rc8 c4 51. h6 Kg6 52. Rc6+ Kh7 53. Kg5 Rd1 54. Rc7+ Kh8 55. f5
Rg1+ 56. Kf4 Rh1 57. f6 c3 58. Rxc3 Rxh6 59. Kg5  1-0

[Event "British Chess Championships 2023: British Championship"]
[Site "The Venue, De Montfort University, 20 Western Boulevard, Leicester, LE2 7BU"]
[Date "2023.07.25"]
[Round "4"]
[Board "8"]
[White "Han, Yichen"]
[Black "Ledger, Andrew J"]
[Result "1/2-1/2"]
[WhiteElo "2413"]
[BlackElo "2299"]
[PlyCount "0"]
[EventDate "2023.07.22"]
[EventRounds "9"]
[EventCountry "ENG"]

1. e4 c6 2. d4 d5 3. e5 c5 4. Nf3 cxd4 5. Qxd4 Nc6 6. Qf4 e6 7. Bd3 Qc7 8. O-O Nge7
9. Re1 Ng6 10. Qg3 Nb4 11. Nc3 Nxd3 12. cxd3 Bd7 13. Bg5 h6 14. Rac1 Qb6 15. Be3
Qa5 16. a3 Be7 17. Ne2 O-O 18. h4 h5 19. Bg5 Qd8 20. Bxe7 Qxe7 21. Rc7 Rab8 22. Ng5
Rfc8 23. Rec1 Qd8 24. R7c3 Rxc3 25. Rxc3 Be8 26. Qf3 d4 27. Rc2 Rc8 28. Nxd4 Rxc2
29. Nxc2 Nxe5 30. Qe4 Qxd3 31. Qxe5 Qxc2 32. Qb8 Kf8 33. Qd6+ Kg8 34. Qb8 Kf8 35.
Qd6+ Kg8 36. Qb8  1/2-1/2

[Event "British Chess Championships 2023: British Championship"]
[Site "The Venue, De Montfort University, 20 Western Boulevard, Leicester, LE2 7BU"]
[Date "2023.07.25"]
[Round "4"]
[Board "9"]
[White "Chopra, Tanmay"]
[Black "Volovich, Julia"]
[Result "1/2-1/2"]
[WhiteElo "2377"]
[BlackElo "1811"]
[PlyCount "0"]
[EventDate "2023.07.22"]
[EventRounds "9"]
[EventCountry "ENG"]

1. d4 Nf6 2. c4 g6 3. f3 e6 4. e4 c5 5. d5 d6 6. Nc3 Bg7 7. Bg5 h6 8. Be3 O-O 9.
Qd2 exd5 10. cxd5 Kh7 11. g4 Nbd7 12. Be2 Ng8 13. h4 Ne5 14. Nh3 Qxh4+ 15. Nf2 Qg3
16. Bf4 Qg2 17. Qe3 Nxg4 18. fxg4 Bd4 19. Qf3 Bxf2+ 20. Kd2 Qxf3 21. Bxf3 Bd4 22.
Bxd6 Rd8 23. Bc7 Re8 24. Bf4 Bd7 25. Ne2 Be5 26. g5  1/2-1/2

[Event "British Chess Championships 2023: British Championship"]
[Site "The Venue, De Montfort University, 20 Western Boulevard, Leicester, LE2 7BU"]
[Date "2023.07.25"]
[Round "4"]
[Board "10"]
[White "Ashton, Adam G"]
[Black "Eggleston, David J"]
[Result "0-1"]
[WhiteElo "2314"]
[BlackElo "2358"]
[PlyCount "0"]
[EventDate "2023.07.22"]
[EventRounds "9"]
[EventCountry "ENG"]

1. e4 c5 2. c3 Nf6 3. e5 Nd5 4. Nf3 Nc6 5. Bc4 e6 6. d4 cxd4 7. cxd4 d6 8. O-O Be7
9. Qe2 O-O 10. Nc3 Nxc3 11. bxc3 dxe5 12. dxe5 Qa5 13. Bd2 Rd8 14. Rfe1 b6 15. Bb3
Ba6 16. Qe4 Rac8 17. Bc2 g6 18. h4 Rxd2 19. Nxd2 Qxc3 20. Nf3 Nb4 21. Bb3 Nd3 22.
Red1 Bc5 23. Qa4 Bxf2+ 24. Kh2 Nc5 25. Qf4 Be3 26. Qf6 Ne4 27. Rd8+ Rxd8 28. Qxd8+
Kg7 29. Re1 Qc5 30. Rxe3 Qxe3 31. Bc2 Qf4+  0-1

[Event "British Chess Championships 2023: British Championship"]
[Site "The Venue, De Montfort University, 20 Western Boulevard, Leicester, LE2 7BU"]
[Date "2023.07.25"]
[Round "4"]
[Board "11"]
[White "Balaji, Aaravamudhan"]
[Black "Toma, Katarzyna"]
[Result "1/2-1/2"]
[WhiteElo "2334"]
[BlackElo "2259"]
[PlyCount "0"]
[EventDate "2023.07.22"]
[EventRounds "9"]
[EventCountry "ENG"]

1. c4 e5 2. g3 Nc6 3. Bg2 f5 4. Nc3 Nf6 5. e3 g6 6. Nge2 Bg7 7. O-O d6 8. Rb1 a5
9. b3 O-O 10. Bb2 g5 11. Nd5 Nb4 12. Nxf6+ Bxf6 13. a3 Nd3 14. Bc3 f4 15. b4 axb4
16. axb4 Qe8 17. Be4 f3 18. Bxf3 e4 19. Bg2 Bg4 20. f3 exf3 21. Bxf3 Bxf3 22. Rxf3
Bxc3 23. Nxc3 Ne5 24. Rxf8+ Qxf8 25. Qh5 Nf3+ 26. Kg2 Nxd2 27. Rd1 Nxc4 28. Qxg5+
Kh8 29. Rd4 Ne5 30. Rf4 Qg7 31. Qxg7+ Kxg7 32. Nb5 Ra2+ 33. Kg1 Rc2 34. Nd4 Rc4 35.
Ne6+ Kg6 36. Rxc4 Nxc4 37. Kf2 Ne5 38. Nxc7 Nd3+ 39. Kf3 Nxb4 40. Nb5 d5 41. Nd6
Nc6 42. Nxb7 d4 43. e4 Ne5+ 44. Ke2 d3+ 45. Ke3 Ng4+ 46. Kxd3 Nxh2 47. Nd6 Kf6 48.
Ke3 Nf1+ 49. Kf4 Nxg3 50. Kxg3 Ke5 51. Kh4 Kxd6  1/2-1/2

[Event "British Chess Championships 2023: British Championship"]
[Site "The Venue, De Montfort University, 20 Western Boulevard, Leicester, LE2 7BU"]
[Date "2023.07.25"]
[Round "4"]
[Board "12"]
[White "Jones, Steven A"]
[Black "Khandelwal, Ankush"]
[Result "0-1"]
[WhiteElo "2175"]
[BlackElo "2276"]
[PlyCount "0"]
[EventDate "2023.07.22"]
[EventRounds "9"]
[EventCountry "ENG"]

1. e4 c5 2. Nf3 d6 3. d4 cxd4 4. Nxd4 Nf6 5. Nc3 a6 6. Be3 Nc6 7. Be2 e5 8. Nb3 Be7
9. O-O O-O 10. Kh1 Be6 11. f4 exf4 12. Bxf4 Ne5 13. Nd4 Rc8 14. Nf5 Bxf5 15. exf5
Qb6 16. Qc1 Nc4 17. b3 Ne5 18. Na4 Qd4 19. c4 b5 20. Qb2 Qe4 21. Nc3 Qc6 22. Rac1
bxc4 23. Bxe5 dxe5 24. Bxc4 Bc5 25. Qe2 Bd4 26. Qd3 Ng4 27. Nd5 Qh6 28. h3 Qxc1 29.
hxg4 Qg5 30. f6 Kh8 31. Qh3 g6 32. Ne7 Rcd8 33. a4 Rd6 34. Qf3 e4 35. Qf4 Qxf4 36.
Rxf4 Be5 37. Rf1 Bxf6 38. Nd5 Bg5 39. Nc3 Rd4 40. Rxf7 Rxf7 41. Bxf7 e3 42. Bc4 a5
43. g3 Rxg4 44. Kg2 h5 45. Kf3 Rd4 46. Nd5 Kg7 47. Nc7 Kf6 48. Nb5 Rd2 49. Nc3 Ke5
50. Ne2 Bh6 51. Bf7 Rd6 52. Nf4 e2  0-1

[Event "British Chess Championships 2023: British Championship"]
[Site "The Venue, De Montfort University, 20 Western Boulevard, Leicester, LE2 7BU"]
[Date "2023.07.25"]
[Round "4"]
[Board "13"]
[White "Pert, Richard G"]
[Black "Unnikrishnan, Midhun P"]
[Result "1-0"]
[WhiteElo "2421"]
[BlackElo "2168"]
[PlyCount "0"]
[EventDate "2023.07.22"]
[EventRounds "9"]
[EventCountry "ENG"]

1. d4 Nf6 2. c4 e6 3. Nf3 d5 4. Nc3 Be7 5. Bf4 O-O 6. e3 Nh5 7. Be5 f6 8. Bg3 f5
9. Ne5 Nf6 10. Bd3 c6 11. Qc2 g6 12. f3 Nbd7 13. O-O-O Nh5 14. Kb1 Nxg3 15. hxg3
Nxe5 16. dxe5 Qc7 17. f4 Bc5 18. g4 Bxe3 19. gxf5 gxf5 20. cxd5 cxd5 21. g4 d4 22.
gxf5 exf5 23. Qb3+ Kh8 24. Nd5 Qc6 25. Bb5 Qg6 26. Nxe3 dxe3 27. Rd6 Qg7 28. Qxe3
a6 29. Rg1 Qe7 30. e6 h6 31. Qe5+ Kh7 32. Bd3  1-0

[Event "British Chess Championships 2023: British Championship"]
[Site "The Venue, De Montfort University, 20 Western Boulevard, Leicester, LE2 7BU"]
[Date "2023.07.25"]
[Round "4"]
[Board "14"]
[White "Pigott, John C"]
[Black "Stoica, Savas Marin"]
[Result "1/2-1/2"]
[WhiteElo "2347"]
[BlackElo "2156"]
[PlyCount "0"]
[EventDate "2023.07.22"]
[EventRounds "9"]
[EventCountry "ENG"]

1. c4 g6 2. g3 Bg7 3. Bg2 c5 4. Nc3 Nc6 5. Nf3 d6 6. O-O Qd7 7. b3 Bxc3 8. dxc3 Nf6
9. Bh6 Ng4 10. Bf4 h6 11. h3 Nf6 12. e4 Qc7 13. Re1 Ne5 14. Nxe5 dxe5 15. Be3 b6
16. Qc2 Bb7 17. Rad1 Kf8 18. f3 Kg7 19. h4 Rhd8 20. Qc1 h5 21. Bh3 Rxd1 22. Rxd1
Rd8 23. Rxd8  1/2-1/2